Contestación al cuestionario de la Revista de Educación sobre la Ley General de Educación veinte años después (Record no. 64953)

MARC details
000 -CABECERA
campo de control de longitud fija 00637nam a2200217 a 4500
005 - FECHA Y HORA DE LA ÚLTIMA TRANSACCIÓN
campo de control 20210219152950.0
008 - ELEMENTOS DE LONGITUD FIJA--INFORMACIÓN GENERAL
campo de control de longitud fija 991125n 000 0 u
035 ## - NÚMERO DE CONTROL DEL SISTEMA
Número de control de sistema UPN01000069376
100 ## - ASIENTO PRINCIPAL--NOMBRE PERSONAL
Nombre de persona TENA ARTIGAS, Joaquin
222 ## - TÍTULO CLAVE
Título clave REVISTA DE EDUCACION
245 ## - MENCIÓN DE TÍTULO
Título Contestación al cuestionario de la Revista de Educación sobre la Ley General de Educación veinte años después
300 ## - DESCRIPCIÓN FÍSICA
Extensión 297-306
362 ## - FECHAS DE PUBLICACIÓN Y/O DESIGNACIÓN SECUENCIAL
Fecha de publicación y/o designación secuencial NUMERO EXTRAORDINARIO 1992
653 0# - TERMINO DE INDIZACION - NO CONTROLADO
Término no controlado ESPAÑA
653 0# - TERMINO DE INDIZACION - NO CONTROLADO
Término no controlado LGE
653 0# - TERMINO DE INDIZACION - NO CONTROLADO
Término no controlado LOGSE
653 0# - TERMINO DE INDIZACION - NO CONTROLADO
Término no controlado POLITICA EDUCATIVA
653 0# - TERMINO DE INDIZACION - NO CONTROLADO
Término no controlado SISTEMA EDUCATIVO NACIONAL
904 ## - ELEMENTOS DE DATOS D LOCAL, LDD (RLIN)
a AC
b 007187
905 ## - TIPO DE MATERIAL
Tipo de material Articulo

No items available.